Doña disparate y bambuco : teatro /

Guardado en:
Autor Principal: Walsh, María Elena
Otros Autores: Ink, Lancman; il.
Formato: Libro
Publicado: Buenos Aires : Alfaguara, 2013
Edición:1a. reimp.
Materias:
Etiquetas: Agregar Etiqueta
Sin Etiquetas, Sea el primero en etiquetar este registro!
LEADER 00805nam a22002655a 4500
001 CEM.cems015461
005 20191206171645.0
008 130507s2013##################000#0#####d
003 CEMS
020 |a 9789870410676 
082 0 4 |a A862.4 
100 1 |a Walsh, María Elena 
245 1 0 |a Doña disparate y bambuco :  |b teatro /  |c María Elena Walsh ; ilustrado Por Lancman Ink 
250 |a 1a. reimp. 
260 |a Buenos Aires :  |b Alfaguara,  |c 2013 
300 |a 80 p. 
653 |a Literatura 
653 |a Literatura argentina 
653 |a Literatura infantil 
653 |a Cuentos infantiles 
653 |a Colección ciencias de la educación 
653 |a Teatro 
653 |a Teatro infantil 
700 1 |a Ink, Lancman; il. 
859 |a CEMS  |b BIB. CEMS - Ccias. Educacion  |h A862.4  |i W168-3  |k CE  |p 28888.19  |t Ej.1